000 00992cab a2200229 4500
001 E2640
008 090401t1995 xxu||||| |||| 00| 0 eng d
035 _a(Sirsi) u40374
041 _aeng
245 _aCairngorm Chairlift Co Ltd v Assessor for Highland Region
260 _c1995
350 _a0
490 _aScots Law Times
_v1995 SLT (Lands Tr) 35-44(10)
520 _aLands Tribunal for Scotland. Sheriff A C Horsfall, QC; A R MacLeary, FRICS; J Devine, FRICS. 12 July 1994. Valuation - revenue principal - ski lifts - apportionment of average net revenue between hypothetical landlord and tenant - weight to be given to future risk - period to which regard might be had for assessment of risk - revenue averaged over five year period - indexation for inflation.
650 _aLANDS TRIBUNAL FOR SCOTLAND
650 _aLEISURE PROPERTY
650 _aREVENUE PRINCIPLE
650 _aSKI LIFTS
690 _aRATING AND VALUATION-CASE LAW
942 _n0
948 _c04/03/1997
999 _c25872
_d25872